奮起飛揚在人間
| 資料類型: | 圖書 | 書目號: | 5928 |
Leader xxxxxxxxxx 001 __ PCLIS00005928 005 __ 20220414142652.0 010 __ |a9789574575954|b|d 101 __ |achi 200 __ |a奮起飛揚在人間|e|f釋慧傳著 205 __ |a 210 __ |a高雄市|c佛光文化事業|d2021 215 __ |a|c彩圖|d22 225 __ |a|v 300 __ |a 681 __ |a225.87 700 __ |a釋|b慧傳|4著 702 __ |a|b|4 801 _0 |atw|b內湖高中|c20010622 |